Skip to main content
Your cart is empty.
Your lists
Log in to create your own lists
Your cookies
العربية
English
العربية
Home
Search
Advanced search
Authority search
About
The noble scholar, jurist, historian
His Excellency Dr. Abdul Wahhab bin Ibrahim Abu Sulaiman, may Allah have mercy on him.
He was born in Umm Al-Qura in the year 1356 AH.
Library catalog
Title
Author
Subject
ISBN
ISSN
Series
Call number
Log in to your account
×
Login:
Password:
Home
MARC view: آراء الخوارج الكلامية /
Normal view
MARC view
ISBD view
آراء الخوارج الكلامية / (Record no. 10196)
[
view plain
]
MARC details
000 -LEADER
fixed length control field
01484cam a22003011i 4500
003 - CONTROL NUMBER IDENTIFIER
control field
SA-RiAUC
005 - DATE AND TIME OF LATEST TRANSACTION
control field
20250723054404.0
008 - FIXED-LENGTH DATA ELEMENTS--GENERAL INFORMATION
fixed length control field
250722s1978 ae g b 00000 ara c
040 ## - CATALOGING SOURCE
Original cataloging agency
SA-RiAUC
Language of cataloging
ara
Transcribing agency
SA-RiAUC
Description conventions
rda
050 14 - LIBRARY OF CONGRESS CALL NUMBER
Item number
T34 1978
082 04 - DEWEY DECIMAL CLASSIFICATION NUMBER
Classification number
248
Assigning agency
SA-RiAUC
090 ## - LOCALLY ASSIGNED LC-TYPE CALL NUMBER (OCLC); LOCAL CALL NUMBER (RLIN)
Classification number (OCLC) (R) ; Classification number, CALL (RLIN) (NR)
248
Local cutter number (OCLC) ; Book number/undivided call number, CALL (RLIN)
ط ا ل
100 1# - MAIN ENTRY--PERSONAL NAME
Personal name
الطالبي، عمار،
Dates associated with a name
1934-
Relator term
مؤلف.
245 10 - TITLE STATEMENT
Title
آراء الخوارج الكلامية /
Statement of responsibility, etc.
عمار الطالبي. يليه الموجز / أبو عمار الكافي الأباضي ؛ تحقيق عمار الطالبي.
264 #1 - PRODUCTION, PUBLICATION, DISTRIBUTION, MANUFACTURE, AND COPYRIGHT NOTICE
Place of production, publication, distribution, manufacture
الجزائر :
Name of producer, publisher, distributor, manufacturer
الشركة الوطنية للنشر والتوزيع،
Date of production, publication, distribution, manufacture, or copyright notice
1978
300 ## - PHYSICAL DESCRIPTION
Extent
2 مجلد ؛
Dimensions
24 سم
336 ## - CONTENT TYPE
Content type term
نص
Content type code
txt
Source
rdacontent
Materials specified
كتاب
337 ## - MEDIA TYPE
Media type term
بدون وسيط
Media type code
n
Source
rdamedia
338 ## - CARRIER TYPE
Carrier type term
مجلد
Carrier type code
nc
Source
rdacarrier
504 ## - BIBLIOGRAPHY, ETC. NOTE
Bibliography, etc. note
ببليوجرافية : صفحة 295-308.
650 #7 - SUBJECT ADDED ENTRY--TOPICAL TERM
Topical term or geographic name entry element
عقائد الخوارج
Source of heading or term
aucsh
650 #7 - SUBJECT ADDED ENTRY--TOPICAL TERM
Topical term or geographic name entry element
علم الكلام
Source of heading or term
aucsh
700 1# - ADDED ENTRY--PERSONAL NAME
Personal name
الطالبي، عمار،
Dates associated with a name
1934-
Relator term
محقق.
700 12 - ADDED ENTRY--PERSONAL NAME
Personal name
التناوتي، عبد الكافي بن أبي يعقوب يوسف بن إسماعيل،
Dates associated with a name
500-569 هجري
Title of a work
الموجز في تحصيل السؤال وتلخيص المقال في الرد على أهل الخلاف.
740 22 - ADDED ENTRY--UNCONTROLLED RELATED/ANALYTICAL TITLE
Uncontrolled related/analytical title
الموجز في تحصيل السؤال وتلخيص المقال في الرد على أهل الخلاف.
942 ## - ADDED ENTRY ELEMENTS (KOHA)
Source of classification or shelving scheme
Dewey Decimal Classification
Koha item type
Books
Suppress in OPAC
No
949 ## - LOCAL PROCESSING INFORMATION (OCLC)
a
SA-JeALM
d
250722
u
osman123
n
1
Holdings
Withdrawn status
Lost status
Source of classification or shelving scheme
Materials specified (bound volume or other part)
Damaged status
Not for loan
Home library
Current library
Date acquired
Total checkouts
Full call number
Barcode
Date last seen
Price effective from
Koha item type
Dewey Decimal Classification
الجزء الثاني
DR AbdElwahab Library
DR AbdElwahab Library
07/23/2025
248 ط ا ل
000016556
07/23/2025
07/23/2025
Books
Place hold
Print
Add to your cart
(remove)
Save record
BIBTEX
Dublin Core
MARCXML
MARC (non-Unicode/MARC-8)
MARC (Unicode/UTF-8)
MARC (Unicode/UTF-8, Standard)
MODS (XML)
RIS
ISBD
More searches
Search for this title in:
Other Libraries (WorldCat)
Other Databases (Google Scholar)
Online Stores (Bookfinder.com)
Open Library (openlibrary.org)
Exporting to Dublin Core...
×
Simple DC-RDF
OAI-DC
SRW-DC